000 02162nam a2200289 i 4500
001 196255
003 ES-MaACL
005 20250710063403.0
008 240823b2018 sp ||||| |||| 00| 0 spa d
020 _a9786139836949
040 _aES-MaACL
_bspa
_cES-MaACL
100 _9237636
_aBermejo Pareja, Félix
_eaut
245 _aAlzheimer :
_bPrevention from Childhood /
_cFélix Bermejo-Pareja.
260 _aBerlin ;
_bLambert Academic Publishing ,
_c2018.
300 _a255 pág. :
_c22 cm.
336 _2rdacontent
_atexto
337 _2rdamedia
_asin mediación
338 _2rdacarrier
_avolumen
520 _aThis book is an informative text on the prevention of Alzheimer’s disease, a personal and social need in a sickness without nowadays cures. It states that this prevention is possible because Alzheimer's manifests itself in old age, but it starts in the brain many decades before. Alzheimer's prevention must start from foetal life and brain development (1,000 first days of life) and continue throughout life with an adequate life style that includes cognitive and social stimulation, physical exercise and healthy diet. The theoretical and practical explanations on this prevention are made in simple language, reviewed by the Spanish scientific journalist Sonia Moreno. The text contains more than 350 footnotes with scientific information about the discourse of the colloquial text. The monograph presents numerous tables and figures, made by the creatives, Jorge Gibert and Jesús Navarro. The monograph ends with a glossary of the main biomedical terms used, bibliography and thematic index. This book has been published in Spanish in 2017 and its translation into English has been verified by Joe Healey and Felix Bermejo-Pareja.
650 4 _99747
_aAlzheimer, Enfermedad de
852 _aES-MaACL
_bR.152371
_cDEPOJ
_jN-9307
_hDonación: Editorial
_xEncuadernación rústica
_9205379
942 _cMONOGRAFIA
_n0
999 _c196255
_d196255